Dielo. Zv. VII /
Uložené v:
| Hlavný autor: | |
|---|---|
| Ďalší autori: | , |
| Médium: | Kniha |
| Jazyk: | Slovak |
| Vydané: |
Bratislava :
Slovenské vydavateľstvo krásnej literatúry,
1960.
|
| Edícia: | Naši klasici ;
zv. 58 |
| ISBN: |
(viaz.) |
| Fyzický popis: |
392 s. : il. |
| Tagy: |
Pridať tag
Žiadne tagy, Buďte prvý kto otaguje tento záznam!
|
Titul je dostupný aj v ... 

MARC
| LEADER | 00000pam a22000001 4500 | ||
|---|---|---|---|
| 001 | 000220175 | ||
| 005 | 20240304080242.0 | ||
| 008 | 980105s1960 xo e slo d | ||
| 020 | |a (viaz.) | ||
| 040 | |a SVKKK |b slo |c SVKKK |e AACR2 | ||
| 041 | 0 | |a slo | |
| 044 | |a xo |c SK | ||
| 100 | 1 | |a Kukučín, Martin, |d 1860-1928 |4 aut | |
| 245 | 1 | 0 | |a Dielo. |n Zv. VII / |c výbor zost., edične pripravila a poznámky napísala Marianna Prídavková ; doslov napísal Oskár Čepan. |
| 260 | |a Bratislava : |b Slovenské vydavateľstvo krásnej literatúry, |c 1960. | ||
| 300 | |a 392 s. : |b il. | ||
| 490 | 1 | |a Naši klasici ; |v zv. 58 | |
| 700 | 1 | |a Mináriková, Marianna, |d 1930-2012 |4 com |4 edt | |
| 700 | 1 | |a Čepan, Oskár |4 aft | |
| 740 | 0 | 2 | |a Baldo & Comp. |
| 740 | 0 | 2 | |a Mišo II. |
| 740 | 0 | 2 | |a Z lovcových zápiskov |
| 740 | 0 | 2 | |a Prvá zvada |
| 740 | 0 | 2 | |a Svadba |
| 740 | 0 | 2 | |a Parník |
| 740 | 0 | 2 | |a Štedrý deň |
| 910 | |a svkkk | ||
| 998 | |a BK | ||
| 090 | |g SCKHL |k Sklad Pribinova 2. posch. |a II.99013 |j 264107 |i 2720207448 |s Prezenčne | ||